[Event "FIDE-Wch k.o."]
[Site "New Delhi/Teheran"]
[Date "2000.12.06"]
[Round "4.1"]
[White "Dreev, Alexey"]
[Black "Topalov, Veselin"]
[Result "1-0"]
[WhiteElo "2676"]
[BlackElo "2707"]
[Annotator "Huebner,R"]
[PlyCount "49"]
[EventDate "2000.11.27"]
[EventType "k.o."]
[EventRounds "7"]
[EventCountry "IND"]
[SourceTitle "CBM 081"]
[Source "ChessBase"]
[SourceDate "2001.03.20"]
[SourceVersion "1"]
[SourceVersionDate "2001.03.20"]
[SourceQuality "1"]

1. d4 d5 2. c4 c6 3. Nf3 Nf6 4. e3 a6 5. b3 Bg4 6. Nbd2 Nbd7 7. Bb2 e6 8. Bd3
Bd6 9. Qc2 Qc7 10. O-O Bh5 11. h3 O-O $6 (11... Bg6 {gefällt mir besser.}) 12.
c5 Be7 13. Ne5 Kh8 (13... Bg6 {scheint mir auch jetzt noch vorzuziehen zu sein,
obwohl Weiß nach} 14. Nxg6 hxg6 15. f4 {erklecklichen Vorteil hat.}) 14. f4
Nxe5 {Schwarz hat kaum noch eine vernünftige andere Wahl.} 15. fxe5 Nd7 16.
Bxh7 g6 17. g4 f5 $2 ({Mit} 17... Bxg4 18. Bxg6 Bxh3 ({Nach} 18... fxg6 19.
hxg4 {hat Weiß gewaltigen Vorteil.}) 19. Rxf7 ({Die Fortsetzung} 19. Rf3 fxg6
20. Rxh3+ Kg7 {birgt für Schwarz auch keine unmittelbaren Gefahren.}) 19...
Rxf7 20. Bxf7 Bg5 {hätte Schwarz überleben können.}) 18. gxh5 Kxh7 19. hxg6+
Kg7 ({Wahrscheinlich bot} 19... Kxg6 {bessere Aussichten auf Widerstand. Nach}
20. Kh2 Kh6 {Auf andere Züge folgt e3-e4 mit gewaltiger Kraft.} 21. Rg1 Nf6 22.
Qd1 Rg8 23. Qf3 Ne4 24. Nxe4 dxe4 {hat Weiß einen Plusbauern, aber mehr nicht.}
) 20. Kh2 Nf6 21. Rf4 Ne4 22. Nxe4 dxe4 23. Rg1 Rh8 {Dies verliert sofort,
aber auch nach} (23... Rad8 24. Qf2 Qd7 (24... Rh8 25. Rxe4) 25. Bc3 {ist die
Stellung auf die Dauer nicht zu halten.}) 24. Qc4 Qa5 ({Auf} 24... Qd7 {folgt}
25. Rxf5) 25. Rf2 1-0

[Event "Leon Man+Comp"]
[Site "Leon"]
[Date "2001.06.08"]
[Round "1.1"]
[White "Topalov, Veselin"]
[Black "Shirov, Alexei"]
[Result "1-0"]
[WhiteElo "2707"]
[BlackElo "2722"]
[Annotator "Finkel,A"]
[PlyCount "69"]
[EventDate "2001.06.08"]
[EventType "k.o. (rapid)"]
[EventRounds "2"]
[EventCountry "ESP"]
[SourceTitle "CBM 084"]
[Source "ChessBase"]
[SourceDate "2001.09.13"]
[SourceVersion "1"]
[SourceVersionDate "2001.09.13"]
[SourceQuality "1"]

1. e4 e6 2. d4 d5 3. Nc3 Nf6 4. Bg5 dxe4 5. Nxe4 Nbd7 6. Nf3 Be7 7. Nxf6+ Bxf6
8. h4 c5 9. Qd2 cxd4 10. Nxd4 O-O 11. O-O-O h6 (11... a6 12. g4 Qb6 13. Bg2 Rd8
14. Qe3 h6 15. Bxf6 Nxf6 16. Nf5 $1 $14 {Krakops,M-Gavrilov,A/Riga 1995/EXT 97}
) (11... Qb6 12. Bc4 (12. g4 Rd8 13. Bg2 e5 14. Nf5 Nf8 15. Qe3 Bxg5 16. hxg5
Bxf5 17. gxf5 $14 {Rytshagov,M-Lamprecht,F/Groningen 1997/CBM 62}) 12... h6 13.
Be3 Ne5 14. Bb3 Ng4 15. Qe2 Nxe3 16. fxe3 a5 $132 {Chandler,M-Nogueiras,J/
Moscow 1990/TD}) (11... Nb6 12. Nf3 Qxd2+ 13. Rxd2 Bd7 14. Bxf6 gxf6 15. Be2
Rfc8 16. Rhd1 Rc7 17. b3 Kf8 18. c4 $14 {Cabrilo,G-Drasko,M/Subotica 1992/EXT
2000}) 12. Nf3 $1 {For some reason this logical move was never played befor,
although the idea itself is hundreds years old! Shirov didn't manage to find
satisfactory defense during the game and very soon found himself in troubles} (
12. Bxf6 Nxf6 13. Qe3 Qa5 14. Kb1 Bd7 15. f3 Rad8 16. Bd3 Nd5 $13 {Teran
Alvarez,I-Sieiro Gonzalez,L/Santa Clara 1998/EXT 99}) (12. Be3 Nb6 13. Kb1 (13.
Nb5 Bd7 14. Bc5 $6 Bxb2+ $1 15. Kb1 Bf6 16. Bxf8 Qxf8 17. Qd6 Bxb5 18. Qxf8+
Kxf8 19. Bxb5 Nd5 $17 {Leyva,R-Luther,T/Cienfuegos 1997/CBM 58}) 13... Nd5 14.
Bc4 Nxe3 15. Qxe3 Qb6 16. c3 Bd7 $11 {Leyva,R-Sieiro Gonzalez,L/Santa Clara
1998/EXT 99}) 12... Qb6 (12... hxg5 $2 13. hxg5 Be7 14. Qf4 {[%cal Gf4h4]} f5
15. Bc4 $1 (15. g6 Bf6 16. Rh8+ Kxh8 17. Qh2+ Bh4 18. Rd4 $1 (18. Nxh4 Qg5+ $19
{[%cal Gg5h6]}) 18... f4 19. Nxh4 Kg8 20. Nf3 Rf6 21. Qh7+ Kf8 22. Qh8+ Ke7 23.
Qxg7+ Ke8 24. Qh8+ Rf8 25. g7 $18) 15... Qb6 16. g6 $18 {[%cal Gh1h8,Gf4h2]})
13. c3 $1 e5 (13... hxg5 14. hxg5 Be7 15. Qf4 $40) 14. Be3 Qa5 15. g4 $1 e4 (
15... Qxa2 $5 16. Bd3 (16. g5 Qa1+ 17. Kc2 Qa4+ 18. Kb1 Qe4+ 19. Bd3 Qxf3 20.
gxf6 Nxf6 $13) 16... Qa1+ 17. Bb1 Nb6 18. Qc2 g6 19. Bxh6 Re8 20. h5 $1 $40 {
[%csl Rg8][%cal Gh5g6]}) 16. g5 $1 Be7 (16... exf3 17. gxf6 Nxf6 18. Bxh6 gxh6
19. Qxh6 Ng4 20. Rg1 Rd8 21. Bd3 $18) 17. gxh6 $1 Qxa2 {?} (17... exf3 18. hxg7
Rd8 (18... Kxg7 19. Rg1+ Kh7 20. Qd4 $5 {[%csl Gg7]} Ne5 21. Qf4 {[%cal Gf4h6]}
Ng6 22. Qh6+ Kg8 23. Rxg6+ fxg6 24. Qxg6+ Kh8 25. Bd4+ $18) 19. Bd4 $1 {
[%cal Gd2h6]} Qxa2 (19... Nf6 $145 $1) 20. Qh6 f6 21. Rg1 Kf7 22. Qh5+ Ke6 23.
Bh3+ $18) 18. Qd4 $1 {Each move of white deservs an exclaimation mark!
topalov's play is extremly energetic and strong.} Nf6 $8 19. hxg7 Re8 (19...
Kxg7 20. Rg1+ Kh8 21. Bg5 Qe6 22. Bc4 Qa6 23. Qe5 $1 $18) 20. Bc4 Qa1+ 21. Kc2
Qa4+ 22. Bb3 Qxd4 23. Nxd4 $18 {Back found a way not to lose immedeatly, but
there is no question about the outcome of the game.} Kxg7 (23... Bg4 24. Rdg1
Kxg7 25. Nf5+ Kh7 26. Nxe7 Rxe7 27. Bg5 $18) 24. Rdg1+ Kh7 25. Bxf7 Rf8 26.
Bg6+ Kh8 27. Nf5 Bxf5 28. Bxf5 Nd5 29. Bxe4 Nxe3+ 30. fxe3 {The rest is a
matter of technique, that's why Shirov resigns after a couple of moves.} Rf2+
31. Kb1 Bc5 32. Rg5 $1 Bxe3 33. Rh5+ Kg7 34. Re1 Bb6 (34... Bh6 35. Rg1+) 35.
Rg5+ 1-0

[Event "Leon Man+Comp"]
[Site "Leon"]
[Date "2001.06.08"]
[Round "1.2"]
[White "Shirov, Alexei"]
[Black "Topalov, Veselin"]
[Result "1-0"]
[WhiteElo "2722"]
[BlackElo "2707"]
[Annotator "Rogozenco,D"]
[PlyCount "87"]
[EventDate "2001.06.08"]
[EventType "k.o. (rapid)"]
[EventRounds "2"]
[EventCountry "ESP"]
[SourceTitle "CBM 084"]
[Source "ChessBase"]
[SourceDate "2001.09.13"]
[SourceVersion "1"]
[SourceVersionDate "2001.09.13"]
[SourceQuality "1"]

1. e4 {Winants} c5 2. Nf3 Nc6 3. d4 cxd4 4. Nxd4 Nf6 5. Nc3 e5 6. Ndb5 d6 7.
Bg5 a6 8. Na3 b5 9. Bxf6 gxf6 10. Nd5 f5 {Winants: '[#]'} 11. Bxb5 {'!?'
Winants. Winants: 'Cet audacieux sacrifice avait été imaginé au milieu des
années septante, mais les premiers succès enregistrés avaient rapidement fait
place а de nombreuses et cinglantes défaites. La réfutation paraissait
convaincante. Ceci jusqu'à l'année dernière, quand Shirov parvint а se défaire
de Lautier en une vingtaine de coups seulement. D'autres grands maîtres ont
depuis tenté l'aventure. Maintenant que Topalov ne réussit pas а repousser
l'offensive avec l'aide d'une banque de données et d'un module d'analyse, on
peut se demander s'il ne faudrait pas reprendre l'étude de toute la variante
depuis le début.'} axb5 12. Nxb5 {This position seems to suit Shirov perfectly.
The second time he plays it and achieves a very nice win again.} Ra4 {Winants:
'La réplique consacrée :'} ({Après} 12... Rb8 $2 {Winants} 13. Nbc7+ Kd7 14.
Qh5 {L'attaque des Blancs deviendrait très rapidement irrésistible.}) 13. b4 {
Winants: 'L'idée ne consiste pas seulement а intercepter l'action de la Tour
sur la quatrième traverse, mais aussi а dégager une colonne ouverte vers b6.'}
({Les ouvrages théoriques envisagent aussi le petit roque et} 13. c4 {Winants})
13... Rxb4 {Winants: 'La Tour continue son chemin, pour distraire le Cavalier
avancé (d5). Cependant les Blancs restent imperturbables.'} (13... Qh4 $5 {
Nobody yet repeated the novelty made by McShane.} 14. O-O (14. Nbc7+ Kd8) 14...
Rg8 15. c3 f4 16. Qxa4 Rxg2+ 17. Kxg2 Qg4+ {1/2-1/2 Luther,T-McShane,L/
Lippstadt 2000}) 14. Nbc7+ Kd7 15. O-O {Winants: 'Les Noirs ont pris une pièce,
mais leur Roi est entouré de fantômes qui hurlent autour de lui.'} Qxc7 {
Amazing: for the centralized knight on d5 Black is ready to give the queen!
Shirov's answer is even more amusing - who cares about the queen? Winants:
'Rend du matériel, la Dame contre trois pièces mineures, pour freiner l'élan
offensif et réduire le nombre des assaillants.  D'autres possibilités :'} (
15... Qg5 {In my opinion the critical move.} 16. Nxb4 (16. f4 exf4 17. Rxf4 Rg8
18. Qf1 Kd8 19. Nxb4 Nxb4 20. Rb1 Kxc7 21. Rxb4 d5 22. Rb3 Bc5+ 23. Kh1 Ba6 24.
Rd3 fxe4 25. Rxf7+ Kc8 $2 (25... Be7) 26. Ra3 $3 {1-0 Wege,J-Pluemer,D/Aschach
2000}) 16... Nxb4 17. c3 (17. Qb1 Rg8 $13 {0-1 Vitolinsh,A-Cherniaev,A/Kherson
1990/ (43)}) 17... Kxc7 (17... Nc6 18. Nd5 fxe4 19. Qa4 $16) 18. cxb4 fxe4 19.
Qa4 $36 {1-0 Luther,T-Reinderman,D/Venlo 2000 (30)}) (15... Rb7 $2 16. Qh5 Ne7
17. Qxf7 {Winants: '(Menace 18.Ne6)'} Kc6 ({Si} 17... Rxc7 {Winants} 18. Nb6+
Kc6 19. Rab1 Ba6 20. Qb3 $1 {Et l'attaque perce.}) 18. Rab1 $18 {1-0 Shirov,
A-Lautier,J/Monte Carlo 2000 (26)} fxe4 ({Si} 18... Nxd5 {Winants} 19. exd5+
Kc5 20. Rxb7 Bxb7 21. Ne6+ {Et prend la Dame}) ({ou} 18... Rxc7 {Winants} 19.
Rb6+ Kc5 20. Rfb1 {etc.}) 19. Rxb7 Kxb7 (19... Bxb7 {Winants} 20. Rb1) 20. Rb1+
Kc6 21. Rb6+ Kc5 22. Rb3 {Vers c3 pour asséner le mat du Cavalier sur b5} Kc6
23. Rc3+ Kb7 24. Nxe7 Bxe7 25. Qd5+ Ka7 26. Qa8+ {abandon, Shirov-Lautier,
Monaco 2000.}) 16. c3 $5 {'!!' Winants. Incredible! It is remarcable how far
the opening preparation can go nowardays. Winants: 'Je suppose que Shirov
appartient а une tout autre dimension, certainement chaotique, fort éloignée
des conceptions de Newton, des pommes qui tombent ou des pièces en équilibre...
J'imagine aussi l'air stupéfait de son adversaire de voir sa Dame rester sur
l'échiquier, mais concevoir le talent, la volonté et la capacité de travail,
qu'un tel coup nécessite - Il a été joué sans la moindre hésitation- me laisse,
tout simplement, sans réponse.'} ({White was doing fine in the practice after
the pragmatical 16.Nxc7 as well:} 16. Nxc7 Kxc7 17. Qh5 Rxe4 18. Qxf7+ Be7 19.
Rfb1 (19. Rfe1 {1-0 Vorobiov,E-Bogachkov,I/St Petersburg 2000 (56)}) ({ou} 19.
a4 {Winants} Rf8 20. Qb3 Rb4 {Baljon-Dolmatov, Amsterdam 1979}) 19... Rf8 20.
Qb3 Rb4 21. Qd5 Rxb1+ 22. Rxb1 Bd7 23. a4 Ra8 24. Qc4 h5 25. g3 Ra5 26. Rb5 d5
27. Rxd5 Be6 28. Qxc6+ Kxc6 29. Rxa5 Bc5 30. Ra6+ Kd5 31. c4+ {1-0 Rytshagov,
M-Ripari,M/Saint Vincent 2001. I must add that M. Rytshagov is Shirov's second.
}) 16... Rxe4 (16... Qb7 17. cxb4 fxe4 18. Rc1 (18. Qa4 Ke6) (18. Qh5 Ke6)
18... f5 (18... Bh6 19. Qh5 Bxc1 20. Qxf7+ Kd8 21. Qf6+ Kd7 22. Qg7+ Ke6 23.
Nc7+ Kf5 24. Rxc1 $18) 19. Qa4 $40) ({Supposons} 16... Qa5 {Winants autrement
les pions liés, appuyés par une Tour en c1, ne tarderaient pas а avancer.} 17.
cxb4 Nxb4 18. Qd2 Nc6 19. Qg5 {Le loup entre dans la bergerie.}) 17. Qh5 $1 Kd8
{Of course not easy to advise best way for Black. Let's not forget that this
is advanced chess and even with the help of a computer Black's position could
not be saved, which says quite a lot about the evaluation of the entire line.
Winants: 'Un choix raisonnable'} ({Après} 17... Qa5 {Winants} 18. Qxf5+ Kd8 19.
Qxe4 Ne7 {Les Noirs obtiennent deux pièces mineures contre Tour et pion, mais
les chances respectives restent très difficiles а évaluer.}) 18. Nxc7 Kxc7 19.
Qxf7+ Be7 20. Rab1 {Winants: 'La position ressemble а celles que nous avions
aperçues dans le commentaire du 16e coup. Pourtant le Pc3 remplit un rôle très
important, puisqu'il empêche le retour de la Re4 sur b4.'} Ba6 21. Rfd1 {
Now it is most certain that White has an advantage. All his pieces are very
active.} Rf8 {Winants: 'Pour défendre f5.'} (21... Rb8 $2 22. Rxb8 Kxb8 23.
Qxf5 $18) 22. Qb3 $1 {Winants: 'Après dix bonnes minutes de réflexion !'} (22.
Qxh7 Rh4 23. Qg6 Rg4 24. Qh6 Be2 $1 $13 25. Rdc1 Rxg2+ 26. Kxg2 Rg8+ 27. Kh3
Bg4+ 28. Kg2 Be2+ $11) 22... Rb8 {Winants: 'Evite l'invasion de b6.'} 23. Qe6
Rxb1 24. Rxb1 {Black played very precise and the position is far from clear.
From practical point of view it is easier to play with White for the simple
reason that having just 2 pieces one has less possibilities and must not spend
a lot of time finding the right move...} Bd3 {Winants: 'Pour chasser la Tour
de la colonne ouverte.'} (24... Bc4 $5 25. Qxf5 Bd3 26. Rf1 $8 (26. Rd1 $4 Re1+
$19) 26... d5 27. Qxh7 Bxf1 28. Kxf1 $14) 25. Rd1 f4 {'?' Winants. Winants:
'La faute décisive : elle permet l'intervention du pion passé.'} ({Il fallait
donc jouer} 25... Bc2 {Winants} 26. Rc1 Bd3 {et garder ainsi le contrôle du
point a4.}) 26. Qd5 {'!' Winants.} Bc2 27. Rc1 {Winants: 'Menace 28. Kf1 ! :
Les Noirs n'ont d'autres ressources que de disperser leurs forces.'} Re2 28. a4
$1 {Thanks to the a-pawn White achieves decissive advantage. Winants: 'Le
reste n'est que technique : Rien ne peut plus empêcher ce pion d'aller plus
loin.'} e4 {Looking for counterplay, but White is quicker.} (28... Bxa4 29. Qc4
{Winants: '-attaque double-'} Rc2 30. Rb1 $18 (30. Ra1 {Winants Et le Fou est
pris au piège.})) 29. a5 Bd3 {Winants: 'Surveille a6, mais en vain.'} 30. Ra1 {
Winants: 'Selon le principe qui préconise de poster les Tours derrière les
pions passés.'} Rb2 (30... Ba6 31. Qb3 $18) (30... Bh4 31. g3 fxg3 32. hxg3 $18
) 31. c4 {Winants: 'Ferme la porte !'} (31. a6 Bxa6 32. Qxe4 $16) 31... Rb7 ({
Ou plus joli :} 31... Rb4 {Winants} 32. a6 Bxc4 (32... Na7 {Winants} 33. Qa8)
33. Qxc6+ $3 Kxc6 34. a7 {Et le pion fait Dame.}) 32. a6 Ra7 33. f3 $18 {
Now is over. Black has no coordination at all. Winants: 'Tout s'écroule...'}
Ne5 34. fxe4 Bxc4 35. Rc1 Rxa6 36. Rxc4+ Nxc4 37. Qxc4+ Rc6 38. Qf7 {Winants:
'Les pions isolés ne permettent aucune résistance.'} Kd8 39. Qg8+ Kd7 40. Qxh7
Rc5 41. Qf7 Rc1+ 42. Kf2 Rc8 43. Qf5+ Kc7 44. Qe6 1-0

[Event "FIDE GP"]
[Site "Dubai"]
[Date "2002.04.03"]
[Round "1.1"]
[White "Topalov, Veselin"]
[Black "Karjakin, Sergey"]
[Result "1-0"]
[WhiteElo "2739"]
[BlackElo "2460"]
[Annotator "Psakhis,L"]
[PlyCount "107"]
[EventDate "2002.04.03"]
[EventType "k.o. (rapid)"]
[EventRounds "5"]
[EventCountry "UAE"]
[SourceTitle "CBM 089"]
[Source "ChessBase"]
[SourceDate "2002.08.12"]
[SourceVersion "1"]
[SourceVersionDate "2002.08.12"]
[SourceQuality "1"]

1. e4 c5 2. Nf3 d6 3. Bb5+ Nd7 4. d4 Ngf6 5. Nc3 a6 6. Bxd7+ Nxd7 7. O-O e6 8.
Bg5 (8. dxc5 Nxc5 9. Bg5 Qc7 10. Re1 f6 11. Bh4 Be7 12. Nd4 O-O 13. Qg4 $14 {
1-0 Rublevsky,S-Jobava,B/EUR-ch Ohrid 2001/The Week in Chess 344 (42)}) 8...
Qc7 9. d5 $5 {A good positional move. White closes the game in the center and
black's pair of bishops can't find good jobs up to the end of the game.} e5 10.
a4 h6 ({Karjakin had already negative expierence in this line before -} 10...
b6 11. Nd2 h6 12. Be3 Be7 13. f4 exf4 14. Bxf4 Ne5 15. Bxe5 dxe5 16. Nc4 Bd6
17. Qh5 O-O 18. Rf3 Rb8 19. Raf1 $36 {1-0 Vescovi,G-Karjakin,S/Moscow Aeroflot
op 2002/ (53)}) (10... g6 11. Nd2 Bg7 12. Nc4 Nb6 13. Nxb6 (13. Na3 $5) 13...
Qxb6 14. a5 Qc7 15. Qd2 O-O 16. Na4 $14 {1-0 Glek,I-Belichev,N/Cappelle la
Grande 1998 (37)}) 11. Bh4 g6 12. Nd2 Bg7 13. Nc4 Nb6 14. Ne3 $146 ({Black had
many troubles also after} 14. Na3 O-O 15. a5 Nd7 16. Be7 Qxa5 17. Nc4 Qc7 18.
Nxd6 Rd8 19. Ncb5 {1-0 Kornev,A-Vorobiov,E/Tula Suetin mem 2002/The Week in
Chess 386 (19)}) 14... O-O 15. a5 Nd7 16. Qd3 b5 17. axb6 Nxb6 18. g4 $1 {
Nice move. Topalov stops a possible black counterplay, who should have stuck
to a passive defense.} a5 19. Nb5 Qd7 20. c4 a4 21. b3 axb3 22. Rxa8 Nxa8 23.
Ra1 Bb7 (23... Nc7 24. Ra7) 24. Qxb3 Rb8 25. Nc3 (25. Na7 $5 Nc7 26. Nc6 {
[%csl Gc6]} Ra8 27. Rxa8+ Nxa8 28. Qb5 $16) 25... Nc7 26. Qb6 Ra8 (26... Ne8 {
[%cal Gg7f6]} 27. Nb5 {[%csl Rd6][%cal Ga1a7]}) 27. Rxa8+ Nxa8 28. Qd8+ $1 Qxd8
29. Bxd8 {[%csl Ra8,Rb7,Rg7][%mdl 4096] Black knight come out of action up to
the end of the game.} Bf8 30. h4 Kg7 {[%cal Gf7f6,Gg7f7,Gf8e7]} 31. Nb5 Bc8 32.
f3 f6 33. h5 $1 g5 $2 {[%csl Gf5] Topalos has now all the trumbs in his hand.
All black pieces are passive, square f5 is very weak, and white just need to
bring king into action.} ({Perhaps Black should have considered} 33... Kf7 $5)
34. Kf2 Kf7 35. Ke2 Be7 36. Ba5 $1 Ke8 37. Na7 $1 {Topalov shoes technique
without rebuke.} Bd7 38. Nc6 Bc8 (38... Bxc6 39. dxc6 Bd8 40. Bxd8 Kxd8 41. Nf5
$18) 39. Kd3 Bf8 40. Kc3 Kd7 41. Nb8+ (41. Nf5 $5) 41... Ke8 42. Kb3 Be7 43.
Nc6 Bf8 44. Ka4 Ba6 $8 45. Nb8 Bb7 46. Kb5 $18 Ke7 47. Nc6+ Ke8 48. Nd8 $1 Bc8
49. Nf5 Be7 (49... Bxf5 50. exf5 Be7 51. Nc6 {[%csl Ra8][%cal Gb5a6,Ga6b7]})
50. Ne6 Bd7+ 51. Ka6 Bxe6 52. Ng7+ (52. dxe6 Bd8 53. Nxd6+ Ke7 54. Nf5+ Ke8 55.
Nxh6 $18) 52... Kd7 53. Nxe6 Kc8 54. Ka7 {Hunt for the knight is over and
Black correctly resign. great positional game} 1-0